00363nam a22001337a 450000500170000000800410001704100130005808200130007110000130008424500440009726000340014130000290017565000250020420240502101113.0240502b |||||||| |||| 00| 0 eng d aEnglish  a349 LAW  lEnglish  aThe Law Reports: King's Bench Division  aLondon: bTHE COUNCIL, c1921 bxxii,688 pages; c25 cm. aLegal practice bLaw